00620nam a22001817a 450000500170000001000150001702000260003203500140005803700090007208200100008110000240009124501280011525000060024326000460024927000970029530000240039270000220041620250704145039.0 aENG-145656 c300.00a9788195512744 aEN-129188 bDBAD a305.4 aUrdhwareshe, Rashmi aWomen And The Workplace:cChaturbhuja Bhuyan and Supreeth J. LobobA Gender Neutral Approach to Carving Successful Careers a1 aMumbaibPopular Prakashan Pvt. Ltd.c2022 bMumbaia301, Mahalaxmi Chambers, 22, Bhulabhai Desai Roade400026minfo@popularprakashan.com a184 p.c21.5 cm(pb) aLobo, Supreeth J.